| 000 | 00605nam a2200241Ia 4500 | ||
|---|---|---|---|
| 003 | OSt | ||
| 005 | 20220924144317.0 | ||
| 006 | a|||||r|||| 00| 0 | ||
| 007 | ta | ||
| 008 | 220923b |||||||| |||| 00| 0 urd d | ||
| 020 | _c2.8 | ||
| 024 | _a313492 | ||
| 037 | _cTextual | ||
| 040 |
_aARTS _cARTS _burd |
||
| 041 |
_2urd _aurd |
||
| 082 | _aO168,1M83x, H2 | ||
| 100 |
_aMohani Allamah Bekhud _9217445 |
||
| 245 | 0 | _aKulliyat-e- Bekhud | |
| 260 | _c1942 | ||
| 650 | _aURDU POETRY | ||
| 942 |
_hO168,1M83x, H2 _cTEXL _2CC |
||
| 999 |
_c456710 _d456710 |
||